Generation of shear bands in subsurface layers of metals in sliding; Physics of the Solid State; Vol. 50, iss. 5

書目詳細資料
Parent link:Physics of the Solid State: Scientific Journal
Vol. 50, iss. 5.— 2008.— [P. 844-847]
主要作者: Tarasov S. Yu. Sergei Yulievich
其他作者: Kolubaev A. V. Aleksander Viktorovich
總結:Title screen
Nanostructuring of the surface of specimens during friction is investigated under the conditions of shear instability of the subsurface layers of the material due to the strong localization of deformation. It is demonstrated that the localization of deformation in the subsurface layers occurs in three stages. The structure of the localization zone is studied. The formation of a nanocrystalline material on the surface due to the shear instability is considered by analogy with the formation of the shear band. The formation of the nanocrystalline material can be responsible for the crossover from the mild wear to the adhesive wear in the absence of mechanisms providing structural adaptability
Режим доступа: по договору с организацией-держателем ресурса
語言:英语
出版: 2008
主題:
在線閱讀:http://link.springer.com/article/10.1134%2FS1063783408050077
格式: MixedMaterials 電子 Book Chapter
KOHA link:https://koha.lib.tpu.ru/cgi-bin/koha/opac-detail.pl?biblionumber=636212

MARC

LEADER 00000nla0a2200000 4500
001 636212
005 20250318141308.0
035 |a (RuTPU)RU\TPU\network\94 
035 |a RU\TPU\network\83 
090 |a 636212 
100 |a 20131015d2008 k||y0rusy50 ba 
101 0 |a eng 
102 |a US 
135 |a drcn ---uucaa 
181 0 |a i  
182 0 |a b 
200 1 |a Generation of shear bands in subsurface layers of metals in sliding  |f S. Yu. Tarasov, A. V. Kolubaev 
203 |a Text  |c electronic 
300 |a Title screen 
320 |a [Ref.: p. 847 (6 tit.)] 
330 |a Nanostructuring of the surface of specimens during friction is investigated under the conditions of shear instability of the subsurface layers of the material due to the strong localization of deformation. It is demonstrated that the localization of deformation in the subsurface layers occurs in three stages. The structure of the localization zone is studied. The formation of a nanocrystalline material on the surface due to the shear instability is considered by analogy with the formation of the shear band. The formation of the nanocrystalline material can be responsible for the crossover from the mild wear to the adhesive wear in the absence of mechanisms providing structural adaptability 
333 |a Режим доступа: по договору с организацией-держателем ресурса 
461 |t Physics of the Solid State  |o Scientific Journal 
463 |t Vol. 50, iss. 5  |v [P. 844-847]  |d 2008 
610 1 |a электронный ресурс 
610 1 |a труды учёных ТПУ 
700 1 |a Tarasov  |b S. Yu.  |c specialist in the field of mechanical engineering  |c Professor of Tomsk Polytechnic University, Doctor of technical sciences  |f 1959-  |g Sergei Yulievich  |3 (RuTPU)RU\TPU\pers\31400  |9 15572 
701 1 |a Kolubaev  |b A. V.  |c physicist  |c Professor of Tomsk Polytechnic University, Doctor of physical and mathematical sciences  |f 1948-  |g Aleksander Viktorovich  |3 (RuTPU)RU\TPU\pers\31404 
801 2 |a RU  |b 63413507  |c 20140424  |g RCR 
856 4 |u http://link.springer.com/article/10.1134%2FS1063783408050077 
942 |c CF